000 01130nam a22002897a 4500
001 BRCA_9338
003 FranzMayer
005 20230918120957.0
008 230825b |||||||| |||| 00| 0 eng d
020 _a3929638797
040 _aMFM
_besp
_cMFM
050 0 _aNC1002
_b.R43 2003
110 1 _4Responsable
_aReddot edition
_929200
240 _aHall of Fame Companies Searching for Excellence in Design
_hA Review of the 20th Century
_lInglés
245 0 _aHall of Fame Companies Searching for Excellence in Design
_bA Review of the 20th Century
260 _aAlemania
_bReddot Edition
_c2003
300 _a207 p
_bIlustraciones a color
_c32 cm
440 _aHall of Fame Companies Searching for Excellence in Design
_nVol 1.
_929201
500 _aAnexo 1
500 _aLibro en pasta dura
505 _aTexto en: inglésDirigido a: artistas, comunicólogos y personas relacionadas a la mercadotecnia
650 1 _2Diseño
_aArtes
_vArtes comerciales
_929202
651 2 _2Mercadotecnia
_aCompañias
_vSiglo XX
_929203
700 1 _4Edit.
_aZec, Peter
_929204
710 1 _4Coord
_aAvedition
_929205
942 _2lcc
_cB
999 _c10960
_d10960